| 000 | 00721nam a2200241Ii 4500 | ||
|---|---|---|---|
| 003 | URS | ||
| 005 | 20251001091324.0 | ||
| 008 | 230921t2022 |||||||| |||| 00| 0 eng d | ||
| 020 | _a9786214182114 | ||
| 040 |
_beng _cURS _erda |
||
| 050 | 1 | 4 |
_aJQ 1406.N37 _bT154 2022 |
| 100 | 1 |
_aTancangco, Danilo L. _eauthor |
|
| 245 | 1 | 0 |
_aCharacter formation : _bnationalism 1 patriotism / _cDanilo L. Tancangco, Ph.D. |
| 264 | 1 | _c2022. | |
| 264 | 1 |
_a[Quezon City] : _bWiseman's Books Trading, Inc. _c[2022] |
|
| 264 | 4 | _ccopyright 2022 | |
| 300 |
_avii, 192 ; _c23 cm |
||
| 336 |
_atext _2rdacontent |
||
| 337 |
_aunmediated _2rdamedaia |
||
| 338 |
_avolume _2rdacarrier |
||
| 650 | 0 |
_aNationalism _zPhilippines |
|
| 942 |
_cF _2lcc |
||
| 999 |
_c79664 _d79663 |
||